000 00263nam a2200109Ia 4500
008 220204s9999 xx 000 0 und d
082 _a323.333
_bKAM
100 _aKamath, M G
245 0 _aWriting for farm families
260 _aBombay
_bAllied
_c1969
942 _cBK
999 _c26953
_d26953